[Event "IECG WC.2013.P.00003 email"]
[Site "IECG email"]
[Date "2009.02.18"]
[Round "?"]
[White "Burkett, Max"]
[Black "Garcia, Manuel"]
[Result "1/2-1/2"]
[WhiteElo "2162"]
[BlackElo "2202"]
[PlyCount "115"]
[EventDate "2009.02.18"]
[EventType "tourn (corr)"]
[EventRounds "10"]
[SourceTitle "Corr 2024"]
[Source "ChessBase"]
[SourceDate "2023.10.19"]
[SourceVersion "1"]
[SourceVersionDate "2023.10.19"]
[SourceQuality "1"]

1. e4 c5 2. Nf3 d6 3. d4 cxd4 4. Nxd4 Nf6 5. Nc3 a6 6. Be3 e5 7. Nf3 Be7 8. Bc4 0-0 9. Qe2 Nc6 10. 0-0 Na5 11. Bd3 Be6 12. Na4 Nd7 13. c4 Rc8 14. b3 Bg4 15. h3 Bxf3 16. Qxf3 Bg5 17. Rad1 Bxe3 18. Qxe3 Nc6 19. f4 Qa5 20. Be2 Nd4 21. Bg4 Rcd8 22. Bxd7 Rxd7 23. Kh2 b5 24. cxb5 axb5 25. Nc3 Ra7 26. Rf2 Qc7 27. Nd5 Qb8 28. Rc1 f6 29. f5 Rc8 30. Rff1 Rc5 31. b4 Rxc1 32. Rxc1 Qd8 33. Rc3 Kf7 34. a3 h6 35. Qd2 Kg8 36. Qc1 Ne2 37. Rc8 Nxc1 38. Rxd8+ Kf7 39. Nc3 Rxa3 40. Nxb5 Rb3 41. Rd7+ Kf8 42. Nc7 Nd3 43. Ne6+ Ke8 44. Rxd6 Nf2 45. Nxg7+ Ke7 46. Ra6 Nxe4 47. Ra7+ Kf8 48. Ne6+ Ke8 49. b5 Rb2 50. Rh7 Ng5 51. Nxg5 hxg5 52. Rb7 e4 53. Kg3 Kf8 54. b6 Ke8 55. Rb8+ Kf7 56. b7 Kg7 57. h4 gxh4+ 58. Kxh4 1/2-1/2

[Event "IECG WC.2013.P.00003 email"]
[Site "IECG email"]
[Date "2009.02.18"]
[Round "?"]
[White "Olsson, Peter"]
[Black "Burkett, Max"]
[Result "0-1"]
[WhiteElo "1467"]
[BlackElo "2162"]
[PlyCount "62"]
[EventDate "2009.02.18"]
[EventType "tourn (corr)"]
[EventRounds "10"]
[SourceTitle "Corr 2024"]
[Source "ChessBase"]
[SourceDate "2023.10.19"]
[SourceVersion "1"]
[SourceVersionDate "2023.10.19"]
[SourceQuality "1"]

1. d4 b6 2. Nf3 Bb7 3. e3 Nf6 4. c4 e6 5. a3 Bd6 6. Nc3 c5 7. Nb5 Be7 8. Be2 0-0 9. 0-0 Ne4 10. Nd2 a6 11. Nxe4 axb5 12. Bf3 bxc4 13. Nxc5 Bxf3 14. Qxf3 d5 15. b4 bxc5 16. dxc5 Bf6 17. Rb1 Nd7 18. Qd1 Qb8 19. e4 Nxc5 20. exd5 Na4 21. dxe6 Nc3 22. exf7+ Rxf7 23. Qc2 Nxb1 24. Qxb1 Qe8 25. b5 Bd4 26. Bg5 Rxf2 27. Rxf2 Rxa3 28. Qf1 Qxb5 29. h4 Ra2 30. Kh1 Rxf2 31. Qe1 Qc6 0-1